000 01330cam a22003497a 4500
003 CHAP
005 20220329142345.0
008 000921d mx r 00110 esp d
010 _a82311
011 _a83283
035 _a93794
040 _cCHAP
082 0 4 _a607
_bP76o 1998-99 Gto.
110 _aPrograma Elemental de Asistencia Técnica. México
_992318
245 1 0 _aEvaluación estatal del PEAT-O-I 98/99 Guanajuato
_c/coord. por UACH. División de Ciencias Económico Administrativas
260 _aMéxico, D. F. :
_bInstituto Nacional de Capacitación del Sector Agropecuario A.C.,
_c[1999?].
300 _a84 p.
590 _aBATCH-UPD
_b10
_c20130110
_lUCH01
_h0147
590 _aBATCH-UPD
_b10
_c20130110
_lUCH01
_h0816
590 _aBATCH-UPD
_b10
_c20130409
_lUCH01
_h2147
590 _aBATCH-UPD
_b10
_c20130410
_lUCH01
_h1134
590 _aBATCH-UPD
_b10
_c20130913
_lUCH01
_h2132
590 _aCONVERSION
_b10
_c20130109
_lUCH01
_h1346
650 1 4 _aAgricultura
_zGuanajuato.
_91927
650 1 4 _aAyuda técnica.
_99035
650 1 4 _aProgramas de capacitación
_xEvaluación.
_992377
710 0 _aUACH. División de Ciencias Económico Administrativas.
_9115934
901 _aBK
905 _aLilia Sánchez G.
942 _cLIBRO
949 _a607 P76o 1998-99 Gto.
_bBC
_cUACH
_d33724000806790
_eUACH
_h98800
_i93794
_sb
999 _c82311
_d82311